书目信息 |
| 题名: |
现代性的追求与批评
|
|
| 作者: | 吴先伍 著 | |
| 分册: | ||
| 出版信息: | 合肥 安徽人民出版社 2005.08 |
|
| 页数: | 307页 | |
| 开本: | 23cm | |
| 丛书名: | ||
| 单 册: | ||
| 中图分类: | B565.51 , B25-53 | |
| 科图分类: | ||
| 主题词: | 近代哲学--jin dai zhe xue--中国--文集 | |
| 电子资源: | ||
| ISBN: | 7-212-02648-4 | |
| 000 | 00876nam0 2200265 450 | |
| 001 | 012008103781 | |
| 005 | 20080509112613.87 | |
| 010 | @a7-212-02648-4@dCNY30.00 | |
| 100 | @a20080509d2005 em y0chiy0120 ea | |
| 101 | 0 | @achi |
| 102 | @aCN@b340000 | |
| 105 | @ay a 000yy | |
| 106 | @ar | |
| 200 | 1 | @a现代性的追求与批评@Axian dai xing de zhui qiu yu pi ping@e柏格森与中国近代哲学@f吴先伍著@Fwu xian wu zhu |
| 210 | @a合肥@c安徽人民出版社@d2005.08 | |
| 215 | @a307页@d23cm | |
| 320 | @a有书目。 | |
| 330 | @a这本书主要讲述的是现代性的追求与批判,是柏格森与中国近代哲学的思考。 | |
| 517 | 1 | @a柏格森与中国近代哲学@Abai ge sen yu zhong guo jin dai zhe xue |
| 606 | 0 | @a近代哲学@Ajin dai zhe xue@y中国@j文集 |
| 690 | @aB565.51@v4 | |
| 690 | @aB25-53@v4 | |
| 701 | 0 | @a吴先伍@Awu xian wu@4著 |
| 801 | 0 | @aCN@bQSSK@c20080509 |
| 905 | @b708193-95@dB565.51@eW897@f3 | |
| 现代性的追求与批评:柏格森与中国近代哲学/吴先伍著.-合肥:安徽人民出版社,2005.08 |
| 307页;23cm |
| ISBN 7-212-02648-4:CNY30.00 |
| 这本书主要讲述的是现代性的追求与批判,是柏格森与中国近代哲学的思考。 |
| ● |
| 相关链接 |
|
|
|
正题名:现代性的追求与批评
索取号:B565.51/W897
 
预约/预借
| 序号 | 登录号 | 条形码 | 馆藏地/架位号 | 状态 | 备注 |
| 1 | 708193 | 207081931 | 社科库509/509社科库 19排1列4层/ [索取号:B565.51/W897] | 在馆 | |
| 2 | 708194 | 207081940 | 社科库509/422社科库 46排4列4层/ [索取号:B565.51/W897] | 在馆 | |
| 3 | 708195 | 207081959 | 社科库509/509社科库 19排1列4层/ [索取号:B565.51/W897] | 在馆 |